Harley oftalmología pediátrica / (Registro nro. 2683)

Detalles MARC
000 -LEADER
campo de control de longitud fija 00849nam a22002537a 4500
001 - NÚMERO DE CONTROL
campo de control 2683
003 - IDENTIFICADOR DE NÚMERO DE CONTROL
campo de control HMS
005 - FECHA Y HORA DE LA ÚLTIMA TRANSACCIÓN
campo de control 20250819163846.0
008 - DATOS DE LONGITUD FIJA--INFORMACIÓN GENERAL
campo de control de longitud fija 250819e2000 cl a|||frntuo 001 0 spa
020 ## - NÚMERO INTERNACIONAL ESTÁNDAR DEL LIBRO
Número Internacional Estándar del Libro 9789701026151
040 ## - FUENTE DE CATALOGACIÓN
Centro catalogador/agencia de origen hms
Lengua de catalogación spa
Centro/agencia transcriptor hms
050 04 - SIGNATURA TOPOGRÁFICA DE LA BIBLIOTECA DEL CONGRESO
Número de clasificación WW600
Número de ítem H285
100 1# - ENTRADA PRINCIPAL--NOMBRE DE PERSONA
Nombre de persona Harley, Robinson D.,
Fechas asociadas al nombre fallecido en 1911
9 (RLIN) 4010
245 10 - MENCIÓN DEL TÍTULO
Título Harley oftalmología pediátrica /
Mención de responsabilidad, etc. Leonard B. Nelson ; traducción: Santiago Sapiña Renard; revisión técnica: Jans Fromow Guerra.
Medio [libro]
246 ## - FORMA VARIANTE DEL TITULO
Título propio/Titulo breve Harley´s Pedriatric Ophthalmology
250 ## - MENCION DE EDICION
Mención de edición 4ª edición
260 ## - PUBLICACIÓN, DISTRIBUCIÓN, ETC.
Lugar de publicación, distribución, etc. México :
Nombre del editor, distribuidor, etc. The McGraw-Hill,
Fecha de publicación, distribución, etc. 1998
300 ## - DESCRIPCIÓN FÍSICA
Extensión xiii, 598 páginas :
Otras características físicas ilustraciones
500 ## - NOTA GENERAL
Nota general Incluye índice
650 #7 - PUNTO DE ACCESO ADICIONAL DE MATERIA--TÉRMINO DE MATERIA
Término de materia o nombre geográfico como elemento de entrada Oftalmopatías
9 (RLIN) 4011
700 ## - ENTRADA AGREGADA--NOMBRE PERSONAL
Nombre de persona Nelson, Leonard B.
9 (RLIN) 4012
700 ## - ENTRADA AGREGADA--NOMBRE PERSONAL
Nombre de persona Sapiña Renard, Jans,
9 (RLIN) 4013
942 ## - ELEMENTOS DE ENTRADA SECUNDARIOS (KOHA)
Fuente del sistema de clasificación o colocación Clasificación de Library of Congress
Tipo de ítem Koha Colección Médica
Suprimir en OPAC No
Existencias
Estatus retirado Estado de pérdida Fuente del sistema de clasificación o colocación Estado de daño No para préstamo Colección Biblioteca de origen Biblioteca actual Ubicación en estantería Fecha de adquisición Número de inventario Total de préstamos Signatura topográfica completa Código de barras Visto por última vez Copia número Precio de reemplazo Tipo de ítem Koha
    Clasificación de Library of Congress     Colección Reserva Biblioteca Hospital Militar de Santiago Biblioteca Hospital Militar de Santiago Full Space 28/07/2000 001285   WW600 H285 4ªed 2000 001285 19/08/2025 c.1 21/11/2023 Colección Médica


Biblioteca Hospital Militar de Santiago / Av. Alcalde Fernando Castillo Velasco 9100
Teléfono: 22 331 7229 / E-mail: biblioteca@hms.cl
Horarios de Atención
Lunes a Viernes de: 08:00 a 13:00 hrs / 14:00 a 17:00 hrs